<?xml version="1.0" encoding="UTF-8"?>
<marc:record xmlns:marc="http://www.loc.gov/MARC21/slim">
   <marc:leader>00000nam a2200000 a 4500</marc:leader>
   <marc:datafield ind1="1" ind2=" " tag="100">
      <marc:subfield code="a">Wiseman, Kate</marc:subfield>
      <marc:subfield code="4">aut</marc:subfield>
      <marc:subfield code="e">Verfasser/-in</marc:subfield>
   </marc:datafield>
   <marc:datafield ind1=" " ind2=" " tag="653">
      <marc:subfield code="a">Schule</marc:subfield>
   </marc:datafield>
   <marc:datafield ind1=" " ind2=" " tag="653">
      <marc:subfield code="a">Dieb</marc:subfield>
   </marc:datafield>
   <marc:datafield ind1=" " ind2=" " tag="653">
      <marc:subfield code="a">Verbrechen</marc:subfield>
   </marc:datafield>
   <marc:datafield ind1=" " ind2=" " tag="653">
      <marc:subfield code="a">Autor &lt;England&gt;</marc:subfield>
   </marc:datafield>
   <marc:datafield ind1="0" ind2="0" tag="245">
      <marc:subfield code="a">Gangster School</marc:subfield>
   </marc:datafield>
   <marc:datafield ind1=" " ind2="1" tag="264">
      <marc:subfield code="b">Piper</marc:subfield>
      <marc:subfield code="c">2017</marc:subfield>
   </marc:datafield>
   <marc:datafield ind1="1" ind2=" " tag="520">
      <marc:subfield code="a">Dies ist keine Schule wie jede andere: Hier in Blaggard's werden die Sprösslinge der berüchtigtsten Verbrecherfamilien in Diebstahl, Fälschung und Schwindel ausgebildet, um eines Tages in die Fußstapfen ihrer Eltern zu treten. Aber die Neuankömmlinge Milly und Charlie sind anders. Sie wollen nicht böse sein. Also unternehmen sie alles, um das kriminelle Tun auf der Schule zu verhindern – nur wie kann man gleichzeitig allen weismachen, dass man der genialste Gangster aller Zeiten werden will? Und es kommt noch schlimmer, als die finstere Superschurkin Pekunia Badpenny zum großen Schlag ausholt. Denn Milly und Charlie sind die einzigen, die das verhindern können ...</marc:subfield>
   </marc:datafield>
   <marc:datafield ind1=" " ind2=" " tag="020">
      <marc:subfield code="a">9783492704489</marc:subfield>
      <marc:subfield code="9">9783492704489</marc:subfield>
   </marc:datafield>
</marc:record>
